Hamilton Lyrics Sort #38 - Burn - Statistics

General Stats
  • This quiz has been taken 54 times
  • The average score is 25 of 45
Answer Stats
Hint Answer % Correct
Line 1 I saved every letter you wrote me
100%
Line 2 From the moment I read them, I knew you were mine
79%
Line 4 I thought you were mine
79%
Line 5 Do you know what Angelica said [1]
71%
Line 6 When we saw your first letter arrive?
71%
Line 3 You said you were mine
71%
Line 8 He will do what it takes to survive"
67%
Line 7 She said, "Be careful with that one, love
67%
Line 15 For some kind of sign
58%
Line 14 I'm searching and scanning for answers in every line
58%
Line 9 You and your words flooded my senses
58%
Line 12 You built cathedrals
58%
Line 11 You built me palaces out of paragraphs
58%
Line 16 And when you were mine
54%
Line 40 Burning the letters that might have redeemed you
54%
Line 39 I'm burning the memories
54%
Line 13 I'm re-reading the letters you wrote me
54%
Line 44 With only the memories of when you were mine
54%
Line 41 You forfeit all rights to my heart
54%
Line 42 You forfeit the place in our bed
54%
Line 43 You'll sleep in your office instead
54%
Line 10 Your sentences left me defenseless
54%
Line 28 And you are paranoid in every paragraph
50%
Line 22 Do you know what Angelica said [2]
50%
Line 25 He has flown to close to the sun"
50%
Line 29 How they perceive you
50%
Line 31 I'm erasing myself from the narrative
50%
Line 34 I'm watching it burn
50%
Line 21 In clearing your name, you have ruined our lives
50%
Line 32 Let future historians wonder how Eliza reacted when you broke her heart
50%
Line 24 She said, "You've married an Icarus
50%
Line 37 The world has no place in our bed
50%
Line 36 The world has no right to my heart
50%
Line 17 The world seemed to burn
50%
Line 38 They don't get to know what I said
50%
Line 23 When she read what you'd done?
50%
Line 26 You and your words obsessed with your legacy
50%
Line 27 Your sentences border on senseless
50%
Line 20 You told the whole world how you brought this girl into our bed
50%
Line 45 I hope that you burn
46%
Line 19 You published the letters she wrote you
46%
Line 18 Burn
42%
Line 35 Watching it burn
42%
Line 33 You have torn it all apart
42%
Line 30 You, you, you
42%
No matching quizzes found
Score Distribution
Percent of People with Each Score
Percentile by Number Answered
Your Score History
You have not taken this quiz